| 000 | 00441 a2200193 4500 | ||
|---|---|---|---|
| 260 | _aWAGENINGEN | ||
| 100 | _aKRUSEMAN, G.P.%DE RIDDER, N.A.%MEILHAC, A. | ||
| 440 | _n11 | ||
| 260 | _bILRI | ||
| 300 | _aXIII-213 P. | ||
| 245 | _aInterprétation et discussion des pompages d'essai | ||
| 650 | _aPompage | ||
| 300 | _bCouv. ill. en coul. | ||
| 260 | _c1974 | ||
| 130 | _lFr | ||
| 440 | _aBulletin | ||
| 999 |
_c25509 _d25509 |
||